| 000 | 00647nam a22001817a 4500 | ||
|---|---|---|---|
| 999 |
_c166892 _d166892 |
||
| 010 | _aENG-126167 | ||
| 020 |
_a978-93-86761-14-9 _c1495.00 |
||
| 035 | _aEN-109699 | ||
| 037 | _bDBAD/PUB | ||
| 082 | _a320.454 | ||
| 100 | _aRanjan,Rakesh | ||
| 245 |
_aIndian Government and Politics/ _cby Rakesh Ranjan |
||
| 260 |
_aNew Delhi _bAne Books Pvt.Ltd. _c2018 |
||
| 270 |
_a4821,Parwana Bhawan,1st Floor24 Ansari Road, Darya Ganj _bNew Delhi _e110002 _k+91(011)23276843 _l+91(011)23276863 _mkapoor@anebooks.com |
||
| 300 |
_avi304p. _c24cm(hb) _bill |
||
| 500 | _ait includes Index and Bibliography | ||
| 942 |
_2ddc _cEN _h320.454 _mRAN |
||